000 00608nam a22002297a 4500
003 UA-OsUOA
001 22892
007 ta
008 20031229b un ||||| |||| 00| 0 ukr d
100 _aЦимбалюк Євген
090 _a378.908
_bЦ61
942 _cSA
040 _aUA-OsUOA
_bukr
_cUA-OsUOA
_dUA-OsUOA
245 _aМістечко, з якого " не тягне" додому
300 _aС.6
955 _a0
041 _aukr
080 _a378.908
044 _aUA
773 0 _w0
_tВільне слово
_dРівне
_d2003
_g12 листопада
650 7 _aАкадемії
_2UDC
999 _c309124
_d309124